<?xml version="1.0" encoding="UTF-8"?>
<record
    xmlns:xsi="http://www.w3.org/2001/XMLSchema-instance"
    xsi:schemaLocation="http://www.loc.gov/MARC21/slim http://www.loc.gov/standards/marcxml/schema/MARC21slim.xsd"
    xmlns="http://www.loc.gov/MARC21/slim">

  <leader>01784nam a22001697a 4500</leader>
  <datafield tag="999" ind1=" " ind2=" ">
    <subfield code="c">520612</subfield>
    <subfield code="d">520612</subfield>
  </datafield>
  <controlfield tag="008">220927b           ||||| |||| 00| 0 eng d</controlfield>
  <datafield tag="100" ind1=" " ind2=" ">
    <subfield code="a">Keskar, Y. M. Choudhury, B. and  Ranjan Mandal, N. </subfield>
    <subfield code="9">35029</subfield>
  </datafield>
  <datafield tag="245" ind1=" " ind2=" ">
    <subfield code="a">Assessing the quality of low income group houses in India: Identification of indicators</subfield>
  </datafield>
  <datafield tag="260" ind1=" " ind2=" ">
    <subfield code="a">Nagarlok  </subfield>
  </datafield>
  <datafield tag="300" ind1=" " ind2=" ">
    <subfield code="a">54(2), Jun, 2022: p.42-64</subfield>
  </datafield>
  <datafield tag="520" ind1=" " ind2=" ">
    <subfield code="a">A house is essentially an expression of people&#x2019;s way of life and culture. It is a symbol of pride, an identity of one&#x2019;s social affiliation to different groups and communities. It is expected that a good - quality housing shall be responsive to a wide variety of human needs. Hence, the need of a house ought to be seen through the prism of both quantitative as well as qualitative attributes by the policymakers and providers of houses. Although literature on housing in India, nay of different countries is replete with different aspects of affordable housing, such as affordability of house, area, volume, amenities, location, household income, policy aspects of housing, etc. there has been no study so far to assess the Quality Standards for LIG Housing Projects in India or elsewhere. This study therefore seeks to identify the set of Housing Quality Indicators (HQIs) for quality assessment of LIG housing in India. It is expected that such an identification of HQIs would help assess housing quality either through a participatory process (comparing end users&#x2019; expectation and perception about the quality of housing) or by any independent organisation. &#x2013; Reproduced </subfield>
  </datafield>
  <datafield tag="650" ind1=" " ind2=" ">
    <subfield code="a">Housing quality, Housing quality indicators, Servqual.</subfield>
    <subfield code="9">33426</subfield>
  </datafield>
  <datafield tag="773" ind1=" " ind2=" ">
    <subfield code="a">Nagarlok  </subfield>
  </datafield>
  <datafield tag="856" ind1=" " ind2=" ">
    <subfield code="u">https://www.iipa.org.in/cms/public/uploads/401601658912651.pdf</subfield>
  </datafield>
  <datafield tag="906" ind1=" " ind2=" ">
    <subfield code="a">HOUSING</subfield>
  </datafield>
  <datafield tag="942" ind1=" " ind2=" ">
    <subfield code="c">AR</subfield>
  </datafield>
  <datafield tag="952" ind1=" " ind2=" ">
    <subfield code="0">0</subfield>
    <subfield code="1">0</subfield>
    <subfield code="2">ddc</subfield>
    <subfield code="4">0</subfield>
    <subfield code="7">0</subfield>
    <subfield code="9">394669</subfield>
    <subfield code="a">IIPA</subfield>
    <subfield code="b">IIPA</subfield>
    <subfield code="d">2022-09-27</subfield>
    <subfield code="h">54(2), Jun, 2022: p.42-64</subfield>
    <subfield code="p">AR127195</subfield>
    <subfield code="r">2022-09-27</subfield>
    <subfield code="y">AR</subfield>
  </datafield>
</record>
